[Event "La Dorada op"]
[Site "La Dorada"]
[Date "2021.09.03"]
[Round "1"]
[White "Rodriguez, Carlos Alberto"]
[Black "Uribe, Alquiber"]
[Result "0-1"]
[WhiteElo "1852"]
[BlackElo "1615"]
[PlyCount "84"]
[EventDate "2021.09.03"]
[EventType "swiss"]
[EventRounds "7"]
[EventCountry "COL"]
[SourceTitle "EXT 2022"]
[Source "ChessBase"]
[SourceDate "2021.10.06"]
[SourceVersion "1"]
[SourceVersionDate "2021.10.06"]
[SourceQuality "1"]

1. e4 c6 2. Nc3 d5 3. exd5 cxd5 4. Qh5 Nf6 5. Qe2 Nc6 6. Nf3 g6 7. h3 Bg7 8. a3 0-0 9. d3 Re8 10. Bd2 e5 11. 0-0-0 Nd4 12. Qe1 Bd7 13. Bg5 Qc7 14. Qd2 Nxf3 15. gxf3 Be6 16. Kb1 a6 17. Be2 Rac8 18. Bh4 Nd7 19. Bg3 Qc6 20. Na2 Nc5 21. Nb4 Qd7 22. Rdf1 Bxh3 23. Rfg1 Bf5 24. Rh2 a5 25. Na2 b6 26. Rgh1 h5 27. Bd1 e4 28. d4 Ne6 29. Be5 Bxe5 30. dxe5 Ng7 31. f4 Bg4 32. Bxg4 Qxg4 33. Rh4 Qe6 34. R1h2 Nf5 35. R4h3 d4 36. Rb3 Rc6 37. Qe2 Rec8 38. c3 Qxb3 39. Qxe4 dxc3 40. Qc2 Qxc2+ 41. Kxc2 cxb2+ 42. Kxb2 Rc2+ 0-1